000 00547nam a2200193Ia 4500
005 20250923145357.0
008 008 250917s9999 xx 000 0 eng d
037 _aTextual
040 _aDSWL
_beng
_cDSWL
041 _aeng
_2eng
084 _aX:75.2'P00<--N71t, N76
_qDSWL
245 0 _aIndia 2001
_cby Arnold Heinemann
260 _aNew Delhi
_b Arnold Heinemann
_c1976
300 _a64 p.
365 _aINR
_b18 . 0
925 _g18 . 0
942 _cTEXL
_hX:75.2'P00<--N71t, N76
999 _c1450642
_d1450642